000 00333 a2200145 4500
001 176315
020 _a
040 _cMagnum
100 _aFurtado, Maria Cristina
240 1 0 _aMagia o mestre dos sonhos
_lpor
245 1 0 _aMagia o mestre dos sonhos
362 0 _a1899
697 _aMAGNITO: IJ/SOCIEDADE COTIDIAN
942 _cBK
999 _c176315
_d176315